Allgemeinwissen Teil6 - Statistiken

Allgemein
  • Dieses Quiz wurde 2.242 mal gespielt
    2.145 seit der letzten Aktualisierung
  • Das Durchschnittsergebnis liegt bei 11 aus 15
Antwortstatistiken
Hint Antwort % Korrekt
Welches Farbe hat Yoshi aus dem Videospielserie "Super Mario"? Grün
96%
Wie viele Einwohner hat Deutschland ungefähr? ca. 84 Millionen
93%
Wie heißt die Hauptstadt von Schweden? Stockholm
93%
Wie nennt man Menschen, die keine tierischen Produkte essen? Veganer
92%
Was ist die Quersumme aus 2022? 6
90%
Welche Farbe haben die schwächsten Bloons in BTD5? Rot
90%
Wie heißt der 7. nächster Planet unseres Sonnensystems? Uranus
86%
Wer ist der Gründer der erfolgreichen Youtube-Serie 7 vs Wild? Fritz Meinecke
77%
Wie heißt die Hauptstadt von Island? Reykjavík
73%
Wie heißt die Hauptstadt von Niedersachsen? Hannover
69%
Wie heißt die Hauptstadt von Neuseeland? Wellington
63%
Welche Farbe hat das Licht mit der Wellenlänge 380 nm-430 nm? Violett
51%
Wie nennt man den Frequenzbereichs wo die Wellen kürzer als 380 nm sind? Ultraviolettes Licht/UV-Strahlen
45%
Welche Regel braucht man um (7x+12)²² abzuleiten? Kettenregel
27%
Wie lautet die Formel für den Flächeninhalt eines Kreises? pi*r²
15%
Keine übereinstimmenden Quizze gefunden
Verteilung der Resultate
Anzahl Personen mit jedem Resultat
Perzentil nach korrekt beantworteten Fragen
Ihre Resultats-Entwicklung
Sie haben dieses Quiz seit der letzten Aktualisierung nicht gespielt